Dopravné poistenie v medzinárodnom kontexte bakalárska práca

Na minha lista:
Detalhes bibliográficos
Autor principal: Cintulová, Lucia
Autor Corporativo: Národohospodárska fakulta EU. Katedra poisťovníctva
Outros Autores: Drugdová, Barbora
Formato: Livro
Idioma:eslovaco
Publicado em: Bratislava 2016
Tags: Adicionar Tag
Sem tags, seja o primeiro a adicionar uma tag!

MARC

LEADER 00000nbm a2200000 4500
001 0219859
005 20161108122628.9
041 0 |a slo 
044 |a SK 
245 1 0 |a Dopravné poistenie v medzinárodnom kontexte  |b bakalárska práca  |c Lucia Cintulová ; školiteľ: Barbora Drugdová 
264 1 |a Bratislava  |c 2016 
300 |a 51 s. 
100 1 |a Cintulová, Lucia 
700 1 |a Drugdová, Barbora 
710 2 |a Národohospodárska fakulta EU. Katedra poisťovníctva